G8 (+5) Countries Quiz Stats

 Plays Quiz Updated Jun 11, 2018

Score 0/13 Timer 04:00
6 Plays Today
% Correct
United States
99.2%
Russia (Currently Suspended)
97.6%
China
97.4%
Canada
97.3%
France
95.9%
Germany
94.3%
United Kingdom
93.1%
Brazil
93.1%
Japan
91.7%
India
91.5%
Italy
90.1%
Mexico
87.8%
South Africa
70.2%

You're not logged in!

Compare scores with friends on all Sporcle quizzes.
OR
Log In

Sporcle TV

Today on Sporcle TV


Watch our educational content, quiz creation guides, and fun videos on Sporcle TV.

Show Comments

Extras

Top Quizzes Today


Score Distribution

Your Account Isn't Verified!

In order to create a playlist on Sporcle, you need to verify the email address you used during registration. Go to your Sporcle Settings to finish the process.

Report this User

Report this user for behavior that violates our Community Guidelines.

Details: